[Event "Pyramiden Cup 2015"]
[Site "Fuerth"]
[Date "2015.09.05"]
[Round "6.37"]
[White "Hoermann, Gunther"]
[Black "Herlan, Klaus-Juergen"]
[Result "1-0"]
[WhiteElo "2092"]
[BlackElo "1961"]
[PlyCount "53"]
[EventDate "2015.??.??"]
[WhiteTeam "TSV Cadolzburg"]
[BlackTeam "SK Marmstorf"]

1. e4 d5 2. exd5 Nf6 3. d4 Nxd5 4. c4 Nb6 5. Nc3 g6 6. Be3 Bg7 7. Qd2 Be6 8. b3
f5 9. Nf3 a5 10. Be2 N8d7 11. Bh6 Bf6 12. Rd1 a4 13. c5 Nd5 14. Nxa4 Bf7 15.
Bc4 c6 16. O-O b5 17. cxb6 N7xb6 18. Nxb6 Qxb6 19. Rfe1 Qa7 20. Ne5 Bxe5 21.
dxe5 O-O-O 22. Qc1 Kb8 23. e6 Be8 24. Bxd5 cxd5 25. Bf4+ Ka8 26. Rxd5 Qb6 27.
Qa3+ 1-0

[Event "Pyramiden Cup 2015"]
[Site "Fuerth"]
[Date "2015.09.05"]
[Round "6.38"]
[White "Colpe, Helge"]
[Black "Weber, Bernhard"]
[Result "1/2-1/2"]
[WhiteElo "2061"]
[BlackElo "1899"]
[PlyCount "83"]
[EventDate "2015.??.??"]
[WhiteTeam "Hamburger SK"]
[BlackTeam "SG Siebengebirge"]

1. d4 d5 2. c4 e6 3. Nc3 Nf6 4. cxd5 exd5 5. Bg5 Nbd7 6. e3 Be7 7. Qc2 c6 8.
Bd3 O-O 9. Nf3 Re8 10. h3 Nf8 11. Bf4 g6 12. O-O Ne6 13. Bh2 Ng7 14. Rab1 Bf5
15. Bxf5 Nxf5 16. b4 a6 17. a4 Nd6 18. Bxd6 Bxd6 19. b5 axb5 20. axb5 Ra3 21.
bxc6 bxc6 22. Ra1 Qa5 23. Rxa3 Qxa3 24. Rc1 Rb8 25. Nb1 Qa6 26. Nfd2 Rb6 27.
Nb3 Ne4 28. N1d2 Nxd2 29. Nxd2 Qe2 30. Nf1 Qb5 31. g3 Ba3 32. Ra1 Qb4 33. Nd2
Qd6 34. Qd3 Bb4 35. Nb3 c5 36. dxc5 Bxc5 37. Nxc5 Qxc5 38. Ra8+ Kg7 39. Qd1 Rd6
40. Qa1+ d4 41. Ra4 Qc3 42. exd4 1/2-1/2

[Event "Pyramiden Cup 2015"]
[Site "Fuerth"]
[Date "2015.09.05"]
[Round "6.39"]
[White "Kuespert, Helmut"]
[Black "Tong, Kevin"]
[Result "0-1"]
[WhiteElo "1934"]
[BlackElo "2021"]
[PlyCount "76"]
[EventDate "2015.??.??"]
[WhiteTeam "1.FC Marktleuthen"]
[BlackTeam "SC Erlangen"]

1. e4 c5 2. b4 cxb4 3. d4 g6 4. a3 bxa3 5. c3 Bg7 6. f4 d6 7. Nf3 Nf6 8. Bd3
O-O 9. O-O Bg4 10. h3 Bxf3 11. Qxf3 Nc6 12. Rxa3 a6 13. g4 Rc8 14. Be3 e6 15.
Nd2 Qc7 16. g5 Nd7 17. f5 exf5 18. exf5 Rfe8 19. fxg6 fxg6 20. Bxg6 hxg6 21.
Qf7+ Kh8 22. Rf4 Nf8 23. Rh4+ Nh7 24. Qxg6 Bf8 25. Qd3 Qg7 26. g6 Rxe3 27. Qxe3
Qxg6+ 28. Rg4 Qf7 29. Ra1 Re8 30. Qd3 Bh6 31. Rf1 Qe6 32. Nc4 b5 33. d5 bxc4
34. Qxh7+ Kxh7 35. dxe6 Ne5 36. Re4 Rxe6 37. Rf7+ Kg6 38. Ra7 Nf3+ 0-1

[Event "Pyramiden Cup 2015"]
[Site "Fuerth"]
[Date "2015.09.05"]
[Round "6.40"]
[White "Suess, Helmut"]
[Black "Cipra, Lothar"]
[Result "1/2-1/2"]
[WhiteElo "1959"]
[BlackElo "2016"]
[PlyCount "35"]
[EventDate "2015.??.??"]
[WhiteTeam "SC NT Nürnberg"]
[BlackTeam "SK Schwanstetten"]

1. d4 Nf6 2. c4 e6 3. Nc3 d5 4. cxd5 exd5 5. Bg5 Be7 6. e3 O-O 7. Bd3 h6 8. Bh4
Nbd7 9. Nf3 b6 10. O-O Bb7 11. Rc1 c5 12. Re1 Ne4 13. Bxe7 Qxe7 14. Nd2 Rac8
15. f3 Nxc3 16. Rxc3 cxd4 17. Rxc8 Rxc8 18. exd4 1/2-1/2

[Event "Pyramiden Cup 2015"]
[Site "Fuerth"]
[Date "2015.09.05"]
[Round "6.41"]
[White "Reuter, Roland"]
[Black "Grabmeier, Johannes"]
[Result "0-1"]
[WhiteElo "2000"]
[BlackElo "1929"]
[PlyCount "80"]
[EventDate "2015.??.??"]
[WhiteTeam "SK Schwabach"]
[BlackTeam "SV Deggendorf"]

1. e4 b6 2. Nc3 e6 3. d4 Bb7 4. Nf3 Bb4 5. Bd3 Nf6 6. Qe2 d5 7. exd5 Qxd5 8.
O-O Bxc3 9. bxc3 O-O 10. Bf4 Nbd7 11. Rfe1 Qh5 12. Ne5 Qxe2 13. Rxe2 Rac8 14.
a4 c5 15. Nxd7 Nxd7 16. Bb5 Rfd8 17. Bg5 Nf6 18. Bxf6 gxf6 19. Rd2 c4 20. a5 a6
21. Bxa6 Bxa6 22. axb6 Ra8 23. Rdd1 Bb7 24. Ra7 Rdb8 25. Rb1 Bd5 26. Rxa8 Rxa8
27. f3 Kf8 28. Kf2 f5 29. Ke3 Ke7 30. h3 Kd8 31. Kf4 f6 32. g4 fxg4 33. hxg4
Kc8 34. Rh1 Ra3 35. Rxh7 Rxc3 36. g5 Rxf3+ 37. Kg4 fxg5 38. Kxg5 Rf2 39. Re7
Rxc2 40. Kf4 Rb2 0-1

[Event "Pyramiden Cup 2015"]
[Site "Fuerth"]
[Date "2015.09.05"]
[Round "6.42"]
[White "Schulz, Siegfried"]
[Black "Adler, Herbert"]
[Result "1/2-1/2"]
[WhiteElo "1928"]
[BlackElo "2001"]
[PlyCount "47"]
[EventDate "2015.??.??"]
[WhiteTeam "TSV Kirchenlaibach"]
[BlackTeam "SG Büchenbach/Roth"]

1. d4 d5 2. g3 Nf6 3. Bg2 e6 4. Nf3 c5 5. c3 b6 6. O-O Bd6 7. Bg5 h6 8. Bxf6
Qxf6 9. Nbd2 cxd4 10. cxd4 Bb7 11. e3 O-O 12. Rc1 Na6 13. a3 Rfc8 14. Qa4 g6
15. Rfe1 Qd8 16. Bf1 Nb8 17. Ne5 a6 18. Ndf3 Kg7 19. Bd3 b5 20. Rxc8 Qxc8 21.
Qd1 Nd7 22. Qb1 Qe8 23. Rc1 Rc8 24. Rxc8 1/2-1/2

[Event "Pyramiden Cup 2015"]
[Site "Fuerth"]
[Date "2015.09.05"]
[Round "6.43"]
[White "Hoffmann, Sebastian"]
[Black "Shen, Julian"]
[Result "1-0"]
[WhiteElo "1860"]
[BlackElo "1815"]
[PlyCount "74"]
[EventDate "2015.??.??"]
[WhiteTeam "SC NT Nürnberg"]
[BlackTeam "SK Rothenburg"]

1. e4 c5 2. d4 cxd4 3. c3 d6 4. Nf3 Nf6 5. e5 dxe5 6. Nxe5 g6 7. Bb5+ Nbd7 8.
Qb3 e6 9. Bg5 Be7 10. cxd4 O-O 11. O-O a6 12. Bc4 Nxe5 13. dxe5 Ng4 14. Rd1 Qc7
15. Bxe7 Qxe7 16. Qg3 Nh6 17. Nd2 Nf5 18. Qh3 b5 19. Ne4 Qh4 20. Nf6+ Kg7 21.
Qxh4 Nxh4 22. Bf1 Nf5 23. Rd3 Bb7 24. Rad1 Bc6 25. Rh3 h6 26. Rdd3 Rfd8 27. f4
Rac8 28. g4 Nd4 29. Rhe3 Bb7 30. Rc3 Rxc3 31. Rxc3 Nf3+ 32. Kf2 Rd2+ 33. Ke3
Rxb2 34. Rc7 Nxh2 35. Be2 Bd5 36. Rc8 h5 37. g5 Ng4+ 1-0

[Event "Pyramiden Cup 2015"]
[Site "Fuerth"]
[Date "2015.09.05"]
[Round "6.45"]
[White "Birkmann, Guenther"]
[Black "Meyer, Nico"]
[Result "0-1"]
[WhiteElo "2054"]
[BlackElo "1437"]
[PlyCount "102"]
[EventDate "2015.??.??"]
[WhiteTeam "SK Zirndorf"]
[BlackTeam "SC Bechhofen"]

1. Nf3 Nc6 2. d4 d5 3. Bf4 Bg4 4. e3 e6 5. c4 Bb4+ 6. Nc3 Nf6 7. Rc1 Nh5 8. Bg3
Nxg3 9. hxg3 e5 10. dxe5 dxc4 11. Qa4 Bxf3 12. gxf3 Qd5 13. Bg2 Bxc3+ 14. Rxc3
b5 15. Qd1 Qxd1+ 16. Kxd1 O-O-O+ 17. Ke2 Nxe5 18. f4 Nd7 19. b3 Nb6 20. Rhc1
Rd6 21. bxc4 Nxc4 22. a4 a6 23. Rb1 c6 24. e4 Kc7 25. axb5 axb5 26. e5 Rd2+ 27.
Ke1 Rhd8 28. Bf1 R2d4 29. Bxc4 Rxc4 30. Rxc4 bxc4 31. Ke2 Ra8 32. Rb2 Ra3 33.
Rc2 Ra4 34. Ke3 c5 35. f5 Kc6 36. f4 Ra3+ 37. Ke4 Rxg3 38. Rxc4 h5 39. Ra4 Kb5
40. e6 fxe6 41. fxe6 Rg1 42. Ke5 Kc6 43. Ra6+ Kb7 44. Rd6 h4 45. Kd5 h3 46. e7
h2 47. Rd7+ Kb6 48. e8=Q h1=Q+ 49. Kc4 Rc1+ 50. Kb3 Qf3+ 51. Kb2 Qc3+ 0-1

[Event "Pyramiden Cup 2015"]
[Site "Fuerth"]
[Date "2015.09.05"]
[Round "6.46"]
[White "Loew, Gerald"]
[Black "Hirn, Oskar"]
[Result "0-1"]
[WhiteElo "2273"]
[BlackElo "2212"]
[PlyCount "102"]
[EventDate "2015.??.??"]
[WhiteTeam "TSV Bindlach"]
[BlackTeam "SC NT Nürnberg"]

1. c4 c5 2. g3 g6 3. Bg2 Bg7 4. Nc3 Nf6 5. e4 d6 6. Nge2 Nc6 7. d3 O-O 8. O-O
a6 9. h3 Rb8 10. a4 Ne8 11. Be3 Nc7 12. d4 cxd4 13. Nxd4 Bd7 14. Nd5 Ne6 15.
Nxe6 fxe6 16. Nb6 Be8 17. Qd2 e5 18. a5 Nd4 19. Bxd4 exd4 20. Qd3 g5 21. Bf3 e6
22. Kg2 Kh8 23. Rh1 Bg6 24. Rad1 Qc7 25. Bg4 Qf7 26. Rd2 h5 27. Bd1 Rbd8 28.
Qe2 Qf6 29. Bc2 Qe5 30. b4 Rf7 31. Rf1 Rdf8 32. Bd3 h4 33. Rdd1 Bf6 34. f4 gxf4
35. gxf4 Qh5 36. Qxh5+ Bxh5 37. Rde1 Rg8+ 38. Kh2 Rg3 39. Be2 Bxe2 40. Rxe2 d3
41. Rg2 Rxg2+ 42. Kxg2 Bc3 43. c5 dxc5 44. bxc5 Rg7+ 45. Kh2 Bxa5 46. Nc4 Bb4
47. Rd1 Rg3 48. Ne5 d2 49. f5 exf5 50. exf5 Re3 51. Ng4 Re2+ 0-1

[Event "Pyramiden Cup 2015"]
[Site "Fuerth"]
[Date "2015.09.05"]
[Round "6.47"]
[White "Gerl, Hans"]
[Black "Naumann, Thomas"]
[Result "1-0"]
[WhiteElo "1968"]
[BlackElo "1760"]
[PlyCount "89"]
[EventDate "2015.??.??"]
[WhiteTeam "SK Zirndorf"]
[BlackTeam "ESV Lok Döbeln"]

1. d4 d5 2. c4 e6 3. Nc3 Nf6 4. Bg5 c6 5. e3 Nbd7 6. a3 Be7 7. Nf3 Ne4 8. Nxe4
dxe4 9. Bxe7 Qxe7 10. Nd2 f5 11. c5 O-O 12. Bc4 Nf6 13. O-O Kh8 14. f3 Nd5 15.
Qe2 Qg5 16. Bxd5 exd5 17. fxe4 Be6 18. e5 h5 19. Rf4 Qh6 20. Rh4 g6 21. Rf1 Kg7
22. g3 Rh8 23. Rhf4 Raf8 24. h4 Rf7 25. Nf3 Re8 26. b4 Qh8 27. Ng5 Rc7 28. Qd3
Qg8 29. R4f2 Ree7 30. Rb2 Qc8 31. Kh2 a6 32. a4 Qe8 33. Rfb1 Bd7 34. Qf1 Bc8
35. Qf4 Be6 36. b5 axb5 37. axb5 Rc8 38. Nh3 Bd7 39. bxc6 bxc6 40. Qg5 Qf7 41.
Nf4 Kh7 42. Rb7 Rce8 43. Ra7 Bc8 44. Rxe7 Rxe7 45. Nxg6 1-0

[Event "Pyramiden Cup 2015"]
[Site "Fuerth"]
[Date "2015.09.05"]
[Round "6.48"]
[White "Bildt, Thomas"]
[Black "Walch, Roger"]
[Result "1-0"]
[WhiteElo "2000"]
[BlackElo "1733"]
[PlyCount "99"]
[EventDate "2015.??.??"]
[WhiteTeam "SK Zirndorf"]
[BlackTeam "SW Nürnberg Süd"]

1. e4 e6 2. d4 d5 3. f3 c6 4. Be3 b6 5. Bd3 Nd7 6. Nd2 c5 7. c3 Bb7 8. Ne2 g6
9. dxc5 bxc5 10. O-O c4 11. Bc2 Ngf6 12. Nd4 Bg7 13. b4 O-O 14. a4 Re8 15. Re1
a6 16. Nf1 Qc7 17. Qd2 Nf8 18. Re2 Rad8 19. Rae1 Qd7 20. exd5 exd5 21. Bf2 Ne6
22. Ng3 Qd6 23. Qd1 Re7 24. a5 Bc8 25. f4 Qxf4 26. Nc6 Red7 27. Nxd8 Rxd8 28.
Bb6 Rd6 29. Rd2 Qh6 30. Ne4 dxe4 31. Rxd6 Ng4 32. h3 Be5 33. Rxe4 f5 34. Rxe5
Nxe5 35. Qe2 Qf4 36. Rd5 Qc1+ 37. Rd1 Qf4 38. Rf1 Qg3 39. Bf2 Qxc3 40. Qd1 Kg7
41. Qd5 Nf4 42. Qc5 Be6 43. Bd1 Qb2 44. Re1 Ned3 45. Bd4+ Kh6 46. Bxb2 Nxc5 47.
bxc5 Bd5 48. Bc1 g5 49. Bxf4 gxf4 50. c6 1-0

[Event "Pyramiden Cup 2015"]
[Site "Fuerth"]
[Date "2015.09.05"]
[Round "6.50"]
[White "Siewert, Wolfgang"]
[Black "Roeckl, Adelbert"]
[Result "1/2-1/2"]
[WhiteElo "1759"]
[BlackElo "1587"]
[PlyCount "38"]
[EventDate "2015.??.??"]
[WhiteTeam "vereinslos"]
[BlackTeam "Zabo-Eintracht Nbg"]

1. c4 Nf6 2. g3 c6 3. Bg2 g6 4. Nf3 d6 5. O-O Bg7 6. Nc3 O-O 7. e4 e5 8. d3
Nbd7 9. Nh4 Nc5 10. b4 Ne6 11. Be3 Ne8 12. Qd2 N8c7 13. Bh6 Nd4 14. Bxg7 Kxg7
15. Nf3 Nce6 16. Nxd4 Nxd4 17. Ne2 Nxe2+ 18. Qxe2 Be6 19. Qb2 Qe7 1/2-1/2

[Event "Pyramiden Cup 2015"]
[Site "Fuerth"]
[Date "2015.09.05"]
[Round "6.51"]
[White "Vogel, Karlheinz"]
[Black "Hirn, Thomas"]
[Result "0-1"]
[WhiteElo "1706"]
[BlackElo "1488"]
[PlyCount "59"]
[EventDate "2015.??.??"]
[WhiteTeam "SV Böckingen"]
[BlackTeam "TuS Fürstenfeldbruck"]

1. d4 d5 2. c4 e6 3. Nc3 Nf6 4. Bg5 dxc4 5. e3 Be7 6. Bxc4 Nbd7 7. Nf3 b6 8.
O-O Bb7 9. h3 O-O 10. Rc1 Rc8 11. Bf4 a6 12. Bd3 c5 13. Ne5 cxd4 14. exd4 Re8
15. Qe2 b5 16. Rcd1 Nf8 17. Bc1 Bd6 18. Rfe1 Bb8 19. Ne4 Bxe4 20. Bxe4 Nxe4 21.
Qxe4 Qc7 22. Bf4 f6 23. Ng6 Qf7 24. Nxf8 f5 25. Qe2 Kxf8 26. Bxb8 Rxb8 27. Rc1
Qd7 28. Qe5 Re7 29. f4 Qd8 30. Rc6 0-1

[Event "Pyramiden Cup 2015"]
[Site "Fuerth"]
[Date "2015.09.05"]
[Round "6.52"]
[White "Schroeder, Stefan"]
[Black "Wieczorek, Heinz"]
[Result "1-0"]
[WhiteElo "1791"]
[BlackElo "1806"]
[PlyCount "85"]
[EventDate "2015.??.??"]
[WhiteTeam "SG Airb. Heli."]
[BlackTeam "SW Nbg Süd"]

1. d4 Nf6 2. Nf3 e6 3. e3 c5 4. Bd3 cxd4 5. exd4 d5 6. O-O Nc6 7. c3 Qc7 8. Qe2
Be7 9. Bg5 O-O 10. Nbd2 h6 11. Bh4 Nh5 12. Bxe7 Nf4 13. Qe3 Nxe7 14. Bc2 Nc6
15. Rae1 Bd7 16. g3 Nh5 17. Ne5 Nxe5 18. dxe5 f5 19. f4 g6 20. Nf3 Kh7 21. Nd4
Rg8 22. Qf3 Qb6 23. Rf2 Rac8 24. Bd3 Ng7 25. Qe3 Qd8 26. Rc2 g5 27. fxg5 hxg5
28. g4 Kg6 29. Qf3 Rf8 30. Rf2 Kh6 31. Qh3+ Kg6 32. Ref1 Rh8 33. Qf3 Qb6 34.
gxf5+ exf5 35. Qxd5 Rcd8 36. Qf3 Rh4 37. Nxf5 Rf4 38. Nd4+ Kh6 39. Qe3 Rdf8 40.
Rxf4 gxf4 41. Rxf4 Rxf4 42. Qxf4+ Kh5 43. Qf7+ 1-0

[Event "Pyramiden Cup 2015"]
[Site "Fuerth"]
[Date "2015.09.05"]
[Round "6.53"]
[White "Weissmann, Peter"]
[Black "Dresel, Martin"]
[Result "1-0"]
[WhiteElo "1795"]
[BlackElo "1699"]
[PlyCount "98"]
[EventDate "2015.??.??"]
[WhiteTeam "SK Zirndorf"]
[BlackTeam "SC Erlangen"]

1. e4 c6 2. d4 d5 3. e5 Bf5 4. g4 Be4 5. f3 Bg6 6. h4 h5 7. Bd3 Bxd3 8. Qxd3 e6
9. g5 g6 10. Be3 Ne7 11. Ne2 Nf5 12. Bf2 Nd7 13. f4 Be7 14. Nd2 O-O 15. O-O-O
b6 16. c4 dxc4 17. Nxc4 b5 18. Ne3 Ng7 19. Ng3 Nb6 20. Ne4 a6 21. Rd2 Nd5 22.
Nxd5 cxd5 23. Nf6+ Kh8 24. Rc2 Rc8 25. Rxc8 Qxc8+ 26. Kb1 Qb7 27. Rc1 Rc8 28.
Rxc8+ Qxc8 29. Qc2 Qxc2+ 30. Kxc2 Nf5 31. a3 b4 32. Kb3 bxa3 33. bxa3 a5 34.
Nd7 Bd8 35. Ka4 Kg7 36. Kb5 Kg8 37. a4 Kg7 38. Nb6 Bc7 39. Kxa5 Ne7 40. Kb5 Kf8
41. a5 Ke8 42. Ka6 Nc6 43. Kb7 Nxa5+ 44. Kxc7 Ke7 45. Nc8+ Ke8 46. Nd6+ Ke7 47.
Be1 Nb3 48. Bb4 Kf8 49. Bc5 Nd2 1-0

[Event "Pyramiden Cup 2015"]
[Site "Fuerth"]
[Date "2015.09.05"]
[Round "6.54"]
[White "Meyer, Thomas"]
[Black "Abicht, Ruediger"]
[Result "1-0"]
[WhiteElo "1755"]
[BlackElo "1811"]
[PlyCount "77"]
[EventDate "2015.??.??"]
[WhiteTeam "Bergstedter SK"]
[BlackTeam "ESV Lok Döbeln"]

1. d4 d6 2. c4 g6 3. e4 Bg7 4. Nc3 Nd7 5. Be3 e6 6. Qd2 Ne7 7. Be2 O-O 8. h4 e5
9. h5 exd4 10. Bxd4 Bxd4 11. Qxd4 Nc6 12. Qe3 g5 13. h6 Nc5 14. Nf3 f6 15.
O-O-O Rf7 16. Nd4 Nxd4 17. Qxd4 Ne6 18. Qe3 Nf4 19. Bf3 Be6 20. g3 Ng6 21. b3
g4 22. Bg2 Ne5 23. Ne2 Rd7 24. Nd4 Bf7 25. Nf5 c6 26. Qf4 d5 27. exd5 cxd5 28.
cxd5 Rc8+ 29. Kb1 Bg6 30. Be4 Qb6 31. Rc1 Rc4 32. Rxc4 Nxc4 33. Ka1 Ne5 34. Rc1
Rc7 35. d6 Rxc1+ 36. Qxc1 Bxf5 37. Bxf5 Qd4+ 38. Kb1 Nc6 39. Qc4+ 1-0

[Event "Pyramiden Cup 2015"]
[Site "Fuerth"]
[Date "2015.09.05"]
[Round "6.55"]
[White "Dreiseitel, Werner"]
[Black "Moenius, Oliver"]
[Result "0-1"]
[WhiteElo "1568"]
[BlackElo "1725"]
[PlyCount "84"]
[EventDate "2015.??.??"]
[WhiteTeam "SGem Fürth"]
[BlackTeam "SC Höchstadt/Aisch"]

1. d4 Nf6 2. Nf3 e6 3. Bf4 c5 4. c3 d5 5. e3 Nc6 6. h3 cxd4 7. exd4 Bd6 8. Bxd6
Qxd6 9. Nbd2 O-O 10. Bd3 e5 11. dxe5 Nxe5 12. Nxe5 Qxe5+ 13. Qe2 Qg5 14. O-O-O
Re8 15. Qf3 Bd7 16. Kb1 Bc6 17. h4 Qe5 18. Qf5 Qxf5 19. Bxf5 Re2 20. Nf3 Rxf2
21. Rhg1 Re8 22. Nd4 Ne4 23. Kc1 Nd6 24. Bg4 Nc4 25. b3 Ne3 26. Nxc6 Nxd1 27.
Nxa7 Nxc3 28. Nc8 Rxa2 29. Nd6 Rf8 30. Re1 Rxg2 31. Bf3 Rf2 32. Bh1 Ra8 33.
Re8+ Rxe8 34. Nxe8 Ne2+ 35. Kd1 Rf1+ 36. Kxe2 Rxh1 37. Nd6 Rxh4 38. Nxb7 Rb4
39. Nc5 Rb5 40. Nd3 Rxb3 41. Kd2 Rxd3+ 42. Kxd3 h5 0-1

[Event "Pyramiden Cup 2015"]
[Site "Fuerth"]
[Date "2015.09.05"]
[Round "6.56"]
[White "Nagel, Felix"]
[Black "Braun, Kristin"]
[Result "1-0"]
[WhiteElo "1784"]
[BlackElo "1735"]
[PlyCount "101"]
[EventDate "2015.??.??"]
[WhiteTeam "SC And Nbg"]
[BlackTeam "SC Forchheim"]

1. d4 Nf6 2. c4 e5 3. dxe5 Ng4 4. Nf3 Bc5 5. e3 Nc6 6. Be2 Ngxe5 7. Nxe5 Nxe5
8. Nc3 d6 9. O-O O-O 10. Na4 Bb6 11. b4 Bd7 12. Nxb6 axb6 13. Bb2 Qe7 14. a3
Ra7 15. f4 Nc6 16. Rf3 Rfa8 17. Rg3 f6 18. Bd3 Qf7 19. h4 Be6 20. Rc1 Ne7 21.
e4 Nc6 22. h5 Kh8 23. Kf2 Rg8 24. Qf3 Ne7 25. f5 Bd7 26. Rh1 Nc6 27. h6 Ne5 28.
Qe3 g6 29. Bc2 Nxc4 30. Bb3 d5 31. Bxc4 dxc4 32. fxg6 Rxg6 33. Rxg6 Qxg6 34.
Qd4 Qf7 35. Rh3 Ra8 36. Rg3 Rf8 37. Rg7 Qh5 38. Rxd7 Qxh6 39. Qe3 Qh4+ 40. Qg3
Qxg3+ 41. Kxg3 b5 42. Rxc7 Kg8 43. Rc5 Kf7 44. Rxb5 Rb8 45. Kf4 h6 46. g4 Kg7
47. Rf5 Rf8 48. g5 hxg5+ 49. Rxg5+ Kh6 50. Rf5 Kg6 51. Rc5 1-0

[Event "Pyramiden Cup 2015"]
[Site "Fuerth"]
[Date "2015.09.05"]
[Round "6.57"]
[White "Wettermann, Bernd"]
[Black "Im Brook, Jens"]
[Result "1-0"]
[WhiteElo "1771"]
[BlackElo "1500"]
[PlyCount "77"]
[EventDate "2015.??.??"]
[WhiteTeam "FC Konradsreuth"]
[BlackTeam "SF Rot"]

1. e4 e6 2. Qe2 c5 3. Nf3 Be7 4. g3 Nf6 5. Bg2 Nc6 6. O-O d5 7. exd5 Nxd5 8.
Nc3 Nxc3 9. dxc3 O-O 10. Bf4 Bd7 11. Rad1 Qc8 12. Bd6 Bxd6 13. Rxd6 Qc7 14.
Rfd1 Rfd8 15. Qe3 Ne7 16. R6d2 Rac8 17. Ne5 Be8 18. Rxd8 Rxd8 19. Rxd8 Qxd8 20.
Qxc5 Qd1+ 21. Bf1 Nc6 22. Nc4 h6 23. Nd6 Bd7 24. Nxb7 Qf3 25. Qd6 Ne5 26. Bg2
Qe2 27. Nc5 Bb5 28. Nd3 Nxd3 29. cxd3 Bxd3 30. h4 a6 31. Qb6 e5 32. Qe3 Qxe3
33. fxe3 e4 34. Bf1 Bxf1 35. Kxf1 f5 36. b4 Kf7 37. h5 Ke6 38. c4 Kd6 39. c5+
1-0

[Event "Pyramiden Cup 2015"]
[Site "Fuerth"]
[Date "2015.09.05"]
[Round "6.58"]
[White "Spinnler, Wolfgang"]
[Black "Cordts, Elof"]
[Result "0-1"]
[WhiteElo "1650"]
[BlackElo "1787"]
[PlyCount "116"]
[EventDate "2015.??.??"]
[WhiteTeam "SC Landskrone"]
[BlackTeam "SC Erlangen"]

1. Nf3 c5 2. c4 Nf6 3. g3 b6 4. Bg2 Bb7 5. O-O g6 6. b3 Bg7 7. Bb2 O-O 8. d3 d5
9. cxd5 Qxd5 10. Nbd2 Re8 11. Nh4 Qd7 12. Ndf3 Nc6 13. Ne5 Nxe5 14. Bxb7 Qxb7
15. Bxe5 Rad8 16. Rb1 Qd5 17. Bxf6 Bxf6 18. Qc2 h5 19. Qc4 Qe5 20. Qe4 Qb8 21.
Nf3 Kg7 22. Rfe1 Qc8 23. Kg2 Rd6 24. Rbc1 Red8 25. b4 Qa6 26. bxc5 bxc5 27. Qc4
Qa3 28. Qxc5 Qxa2 29. Rc2 Qb3 30. Qc4 Qb7 31. Ra2 Ra8 32. Kg1 Rb6 33. Rc1 a5
34. Ra4 Rb2 35. Rc2 Rb1+ 36. Kg2 Rb4 37. Qa2 Qb5 38. Rxb4 Qxb4 39. Nd2 a4 40.
Nc4 Qb3 41. Kg1 e6 42. Kg2 Rb8 43. h3 Be7 44. Kh2 h4 45. Rb2 hxg3+ 46. fxg3
Qxa2 47. Rxa2 a3 48. Kg2 Kf6 49. Kf3 g5 50. e3 Kg6 51. g4 Rb3 52. Ke2 f5 53.
Kd2 Bb4+ 54. Kc2 Rc3+ 55. Kd2 Rxc4+ 56. Ke2 Rc3 57. gxf5+ Kxf5 58. d4 Rc1 0-1

[Event "Pyramiden Cup 2015"]
[Site "Fuerth"]
[Date "2015.09.05"]
[Round "6.59"]
[White "Heinrich, Leon"]
[Black "Oberley, Karl-Heinz"]
[Result "1-0"]
[WhiteElo "1612"]
[BlackElo "1143"]
[PlyCount "87"]
[EventDate "2015.??.??"]
[WhiteTeam "SW Nürnberg Süd"]
[BlackTeam "SK Ingolstadt"]

1. d4 Nf6 2. c4 e6 3. Nf3 b6 4. Nc3 Bb7 5. e3 d5 6. Be2 Be7 7. O-O O-O 8. cxd5
exd5 9. b3 a6 10. a4 Nc6 11. Ba3 Bxa3 12. Rxa3 Qd6 13. Ra1 Ne7 14. Ne5 Ng6 15.
Nxg6 fxg6 16. Bf3 Rfe8 17. Qc2 Re7 18. Rac1 Bc8 19. h3 Bf5 20. Qb2 c6 21. Ra1
g5 22. Qe2 Qe6 23. Rfc1 g4 24. hxg4 Bxg4 25. Bxg4 Nxg4 26. Rf1 h5 27. g3 Rf7
28. Rae1 g6 29. Qc2 Raf8 30. Nd1 Rf3 31. Qe2 Qc8 32. Qc2 Kg7 33. e4 dxe4 34.
Rxe4 Qc7 35. Rfe1 Rxg3+ 36. fxg3 Qxg3+ 37. Qg2 Qxb3 38. Re7+ Kg8 39. Qxc6 Qg3+
40. Qg2 Qb3 41. Rf1 Rxf1+ 42. Qxf1 Qg3+ 43. Qg2 Qb3 44. Qa8# 1-0

[Event "Pyramiden Cup 2015"]
[Site "Fuerth"]
[Date "2015.09.05"]
[Round "6.60"]
[White "Dreiseitel, Ursula"]
[Black "Paul, Arthur"]
[Result "1-0"]
[WhiteElo "1476"]
[BlackElo "1509"]
[PlyCount "55"]
[EventDate "2015.??.??"]
[WhiteTeam "SGem Fürth"]
[BlackTeam "SW Nürnberg Süd"]

1. d4 Nf6 2. Nf3 e6 3. Bf4 d5 4. c3 Bd6 5. Bxd6 Qxd6 6. Nbd2 O-O 7. e3 Nbd7 8.
Bd3 c5 9. O-O c4 10. Bc2 a6 11. e4 Qc7 12. e5 Ne8 13. Ng5 g6 14. Re1 b5 15. Qg4
Kg7 16. Re3 Nb6 17. Rh3 Rh8 18. Re1 Ra7 19. Ree3 Qe7 20. Rh4 h5 21. Qg3 b4 22.
Rf3 Qd8 23. Nxf7 Qxh4 24. Qxg6+ Kf8 25. Nh6+ Ke7 26. Rf7+ Kd8 27. Rxa7 Qf4 28.
Nf7+ 1-0

[Event "Pyramiden Cup 2015"]
[Site "chess24.com"]
[Date "2015.09.06"]
[Round "7.2"]
[White "Krivoborodov, Egor"]
[Black "Fedorovsky, Michael"]
[Result "1/2-1/2"]
[WhiteElo "2518"]
[BlackElo "2451"]
[PlyCount "128"]
[EventDate "2015.??.??"]
[WhiteTeam "SC Garching"]
[BlackTeam "FC Bayern München"]
[WhiteClock "0:04:44"]
[BlackClock "0:03:50"]

1. e4 e5 2. Nf3 Nc6 3. Bb5 a6 4. Bxc6 dxc6 5. O-O Bg4 6. h3 h5 7. d3 Qf6 8. Be3
Bxf3 9. Qxf3 Qxf3 10. gxf3 Bd6 11. Nd2 Ne7 12. Nc4 O-O-O 13. f4 exf4 14. Nxd6+
cxd6 15. Bxf4 f5 16. f3 Rhf8 17. Rae1 Ng6 18. Bd2 Rde8 19. Bc3 Rf7 20. Kh2 fxe4
21. fxe4 Ref8 22. Rxf7 Rxf7 23. Re2 Nf8 24. e5 d5 25. e6 Re7 26. Bxg7 Rxe6 27.
Rf2 Ng6 28. Bd4 Kd7 29. Kg3 Re1 30. Rf7+ Re7 31. Rf5 Re2 32. Rxh5 Rxc2 33. Rg5
Rd2 34. Bc5 Rxd3+ 35. Kg4 b6 36. Bxb6 Nf8 37. Rg7+ Kd6 38. h4 Nd7 39. Rg6+ Ke7
40. Bc7 Nf6+ 41. Kg5 Ne4+ 42. Kf5 Rf3+ 43. Ke5 Rf6 44. h5 Kf7 45. Rxf6+ Nxf6
46. h6 Ng4+ 47. Kd6 Nxh6 48. Kxc6 d4 49. Kb6 d3 50. Bf4 Nf5 51. Kxa6 Nd4 52. b4
Ke7 53. b5 Ne6 54. Bd2 Kd7 55. Kb6 Nd4 56. a4 Nb3 57. Bf4 d2 58. Bxd2 Nxd2 59.
Ka7 Nc4 60. Kb7 Nd6+ 61. Kb8 Nc4 62. b6 Nxb6 63. a5 Nc8 64. a6 Kd8 1/2-1/2

[Event "Pyramiden Cup 2015"]
[Site "chess24.com"]
[Date "2015.09.06"]
[Round "7.3"]
[White "Colpe, Malte"]
[Black "Kveinys, Aloyzas"]
[Result "1/2-1/2"]
[WhiteElo "2367"]
[BlackElo "2485"]
[PlyCount "54"]
[EventDate "2015.??.??"]
[WhiteTeam "Hamburger SK"]
[BlackTeam "Litauen"]
[WhiteClock "0:24:35"]
[BlackClock "0:55:20"]

1. d4 Nf6 2. c4 e6 3. Nf3 Bb4+ 4. Bd2 a5 5. g3 d6 6. Bg2 Nbd7 7. O-O e5 8. Bg5
exd4 9. Nxd4 O-O 10. Qc2 h6 11. Bf4 Ne5 12. Rd1 Re8 13. b3 a4 14. a3 axb3 15.
Nxb3 Ba5 16. c5 Ng6 17. Be3 d5 18. Bd4 c6 19. Nxa5 Rxa5 20. Nc3 Qe7 21. Re1 Nf8
22. e4 Ne6 23. Bxf6 Qxf6 24. exd5 Rxc5 25. Rac1 cxd5 26. Nxd5 Qd8 27. Qd2 Rxc1
1/2-1/2

[Event "Pyramiden Cup 2015"]
[Site "chess24.com"]
[Date "2015.09.06"]
[Round "7.4"]
[White "Ikonnikov, Vyacheslav"]
[Black "Fischer, Johannes"]
[Result "1-0"]
[WhiteElo "2518"]
[BlackElo "2269"]
[PlyCount "51"]
[EventDate "2015.??.??"]
[WhiteTeam "SF Bad Mergentheim"]
[BlackTeam "SW Nürnberg Süd"]
[WhiteClock "0:26:04"]
[BlackClock "0:11:23"]

1. d4 d6 2. Nf3 g6 3. c4 Bg7 4. e4 Nd7 5. Nc3 e5 6. Be2 Nh6 7. O-O O-O 8. Rb1
f6 9. b4 Nf7 10. c5 f5 11. exf5 gxf5 12. dxe5 dxe5 13. Bc4 h6 14. Ne2 e4 15.
Nfd4 Nde5 16. Bb3 Nd3 17. Ne6 Bxe6 18. Bxe6 Qf6 19. Qb3 Kh8 20. Ng3 Nfe5 21.
Bxf5 Qh4 22. Bb2 Nxb2 23. Rxb2 Rad8 24. Re2 Rd3 25. Rxe4 Qg5 26. Qe6 1-0

[Event "Pyramiden Cup 2015"]
[Site "chess24.com"]
[Date "2015.09.06"]
[Round "7.6"]
[White "Möhn, Hans"]
[Black "Schunk, Eduard"]
[Result "1-0"]
[WhiteElo "2389"]
[BlackElo "2319"]
[PlyCount "65"]
[EventDate "2015.??.??"]
[WhiteTeam "USV TU Dreseden"]
[BlackTeam "TSV Bindlach"]
[WhiteClock "0:25:43"]
[BlackClock "0:09:31"]

1. Nf3 Nf6 2. c4 g6 3. Nc3 Bg7 4. e4 d6 5. d4 O-O 6. h3 e5 7. d5 Nh5 8. g3 Qe8
9. Be2 f5 10. exf5 gxf5 11. Nh4 Nf6 12. Qc2 e4 13. Be3 Na6 14. Ng2 Nc5 15. Nf4
Bd7 16. O-O a5 17. b3 Bh6 18. Kh2 Rf7 19. Rae1 Qf8 20. Bd4 Bxf4 21. gxf4 Qh6
22. Rg1+ Ng4+ 23. Kg2 Qxf4 24. hxg4 fxg4 25. Qc1 Nd3 26. Qxf4 Nxf4+ 27. Kf1 h5
28. Nxe4 Raf8 29. Rh1 Bf5 30. Ng3 Bg6 31. Bxg4 Rh7 32. Be6+ Nxe6 33. Rxe6 1-0